01483nam a22003254a 4500001001200000003000800012006001900020007001500039008004100054010001700095020001500112040002100127035002000148050002300168082001700191245027000208260005800478300002600536504004100562533015200603650003400755650003100789650005100820650005400871650004300925655002900968710001700997856012601014999001701140ebr10071528CaPaEBRm u cr cn|||||||||020905s2002 dcua sb 000 0 eng  z 2002112634 z0309084865 aCaPaEBRcCaPaEBR a(OCoLC)7075068214aTD774b.B55 2002eb04a628.3/6422200aBiosolids applied to landh[electronic resource] :badvancing standards and practices /cCommittee on Toxicants and Pathogens in Biosolids Applied to Land, Board on Environmental Studies and Toxicology, Division on Earth and Life Studies, National Research Council. aWashington, D.C. :bNational Academies Press,cc2002. axviii, 345 p. :bill. aIncludes bibliographical references. aElectronic reproduction.bPalo Alto, Calif. :cebrary,d2013.nAvailable via World Wide Web.nAccess may be limited to ebrary affiliated libraries. 0aLand treatment of wastewater. 0aSewage sludgexManagement. 0aSewage disposal in the groundxHealth aspects. 0aSewage disposal plantsxStandardszUnited States. 0aHealth risk assessmentzUnited States. 7aElectronic books.2local2 aebrary, Inc.40uhttp://site.ebrary.com/lib/rucke/Doc?id=10071528zAn electronic book accessible through the World Wide Web; click to view c44108d44108